Porovnanie funkčného a procesného prístupu k riadeniu podniku

Porovnanie funkčného a procesného riadenia podniku a ich výhody a nevýhody. Prepojenosť medzi podnikovými procesmi a informačným systémom. Vertikálna a horizontálna štruktúru procesov.

Na minha lista:
Detalhes bibliográficos
Autor principal: Jurík, Pavol, 1987-
Formato: Capítulo de Livro
Idioma:eslovaco
Assuntos:
Tags: Adicionar Tag
Sem tags, seja o primeiro a adicionar uma tag!

MARC

LEADER 00000naa a2200000 4500
001 0284605
005 20240502074413.9
041 0 |a slo 
044 |a SK 
245 1 0 |a Porovnanie funkčného a procesného prístupu k riadeniu podniku  |c Pavol Jurík 
520 |a Porovnanie funkčného a procesného riadenia podniku a ich výhody a nevýhody. Prepojenosť medzi podnikovými procesmi a informačným systémom. Vertikálna a horizontálna štruktúru procesov. 
610 2 0 |a procesy podnikové 
610 2 0 |a funkcie podniku 
610 2 0 |a systémy informačné 
610 2 0 |a reengineering 
610 2 0 |a manažment 
100 1 |a Jurík, Pavol, 1987-